| 000 | 00000nam##2200000za#4500 |
| 001 | 9.696508 |
| 003 | CaOODSP |
| 005 | 20210624235051 |
| 007 | cr ||||||||||| |
| 008 | 150407|1998||||xxc|||||o f|0| 0 eng|d |
| 040 | |aCaOODSP|beng |
| 043 | |an-cn--- |
| 086 | 1 |aF32-5/1998E-PDF |
| 110 | 1 |aCanada. |bDepartment of Finance. |
| 245 | 10|aReport of the Technical Committee on Business Taxation |h[electronic resource] |
| 260 | |aOttawa - Ontario : |bFinance Canada |cDecember 1997. |
| 300 | |a299p.|bgraphs, tables |
| 520 | 3 |a"Under our terms of reference, the Committee was asked to assess Canada's businesses tax structure with the following objectives: improving the tax system to promote job creation and economic growth in an open economy; simplifying the taxation of businesses income to facilitate compliance by taxpayers and administration by Revenue Canada; and enhancing fairness in the tax system by ensuring that all businesses share the cost of providing government services" --Introduction, p.13. |
| 590 | |a12-38-Supp|b2012-09-27 |
| 690 | 07|aCorporate income tax|2gcpds |
| 690 | 07|aPublic finance|2gcpds |
| 775 | 08|tRapport du Comité technique de la fiscalité des entreprises |w(CaOODSP)9.640627 |
| 776 | 0#|tReport of the Technical Committee on Business Taxation |w(CaOODSP)9.646958 |
| 856 | 40|ahttp://publications.gc.ca|qPDF|s1.89 MB|uhttps://publications.gc.ca/collections/Collection/F32-5-1998E.pdf |